| 000 | 00436cam a2200193 4500 | ||
|---|---|---|---|
| 001 | D9014 | ||
| 008 | 090401t1983 xxu||||| |||| 00| 0 eng d | ||
| 035 | _a(Sirsi) u16912 | ||
| 041 | _aeng | ||
| 050 | _a690.2 | ||
| 100 | _aStaveley, H.S. | ||
| 245 | _aSurveying buildings | ||
| 260 |
_aLondon _bButterworths _c1983 |
||
| 300 | _a232p. illus. 24cm | ||
| 350 | _a18 | ||
| 700 | _aGlover, P.V. | ||
| 942 | _n0 | ||
| 948 | _c04/03/1997 | ||
| 999 |
_c87459 _d87459 |
||